Normal view
MARC view
- Kerl E .Lonngren
Entry Personal Name
001 - CONTROL NUMBER
- control field: 103243
003 - CONTROL NUMBER IDENTIFIER
- control field: NUST
005 - DATE AND TIME OF LATEST TRANSACTION
- control field: 20221121104834.0
008 - FIXED-LENGTH DATA ELEMENTS
- fixed length control field: 221121|| aca||aabn | a|a d
040 ## - CATALOGING SOURCE
- Original cataloging agency: NUST
- Transcribing agency: NUST
100 ## - HEADING--PERSONAL NAME
- Personal name: Kerl E .Lonngren
670 ## - SOURCE DATA FOUND
- Source citation: Work cat.: (NUST)189543: Kerl E .Lonngren, Fundamentals of Electronic with Matlab (Include CD) / , 2009
